00565nam a2200217Ia 4500003000900000008004100009040001300050040001300063041000800076100002300084100001000107245008700117250000900204260002100213260000900234300001000243490002800253490000800281600003800289700002000327IT-RoPAU120407s9999 xx 000 0 und d aIT-RoPAU cIT-RoPAU aita aHerbert Vorgrimler ccoll. aSentire Ecclesiam. La coscienza della Chiesa come forza plasmatrice della pietà. aRoma aEdizioni Paoline c1964 c18 cm aBibl. cultura religiosa v149 a"1° v. 741 p. 2° v. 756 p." aJean Daniélou